000 00943nas a2200313 4500
001 BR2011002301
003 BR-BrBNA
005 20231205114936.0
007 ta
008 230509b bl.|||p| |||| 00| 00por d
040 _aBR-BrBNA
_bpor
_cBiblioteca Nacional de Agricultura
041 _a(Pt)
072 _aF08; F02
100 1 _aConte, O.
100 1 _aLevien, R.
100 1 _aTrein, C.R.
100 1 _aXavier, A.A.P.
100 1 _aDebiasi, H.
245 1 _aDemanda de tração, mobilização de solo na linha de semeadura e rendimento da soja, em plantio direto
650 _aSOJA
650 _aGLYCINE MAX
650 _aSEMEADURA
650 _aPLANTIO DIRETO
650 _aDEFICIÊNCIA HÍDRICA
650 _aIRRIGAÇÃO
773 0 _tPesquisa Agropecuária Brasileira (Brazil)
_xISSN 0100-204X
_g(Oct 2009), v. 44(10) p. 1254-1261
_wBR2011002301
909 _a202311
_bLúcia
_c55
_dLúcia Elande
942 _2AGRIS
_n0
_cANA
999 _c211345
_d211345